| 000 | 00461nam a2200169 a 4500 | ||
|---|---|---|---|
| 001 | 961 | ||
| 003 | CDMR | ||
| 005 | 20130411160831.0 | ||
| 008 | 130130s1988||||||||||||||||||||||||||||d | ||
| 040 |
_aCDMR _bcat _cCDMR |
||
| 100 | 1 |
_aComparato, Doc _9497 |
|
| 245 | 1 | 3 |
_aEl guión _b: arte y técnica de escribir para cine y televisión |
| 260 |
_aMadrid _c1988 _bIORTV |
||
| 650 | 0 | 4 |
_9836 _aGuions cinematogràfics |
| 650 | 0 | 4 |
_93143 _aGuions televisius |
| 942 |
_cMON _2udc |
||
| 999 |
_c961 _d961 |
||